LIBRARY & INFORMATION CENTRE, KCAET, TAVANUR

ONLINE PUBLIC ACCESS CATALOGUE (OPAC)

Advances in transport processes, Vol 2 / (Record no. 7157)

MARC details
000 -LEADER
fixed length control field 00453cam a2200169ua 4500
020 ## - INTERNATIONAL STANDARD BOOK NUMBER
ISBN 0-85226-585-9
041 ## - LANGUAGE CODE
Language code of text/sound track or separate title eng
082 ## - DEWEY DECIMAL CLASSIFICATION NUMBER
Classification number 660.2842
Item number ARU/AD
100 ## - MAIN ENTRY--AUTHOR NAME
Personal name Arun S, Mujumdar .
245 ## - TITLE STATEMENT
Title Advances in transport processes, Vol 2 /
260 ## - PUBLICATION, DISTRIBUTION, ETC. (IMPRINT)
Place of publication New Delhi :
Name of publisher Wiley Eastern Ltd ,
Year of publication 1982.
300 ## - PHYSICAL DESCRIPTION
Number of Pages 432 ; .
942 ## - ADDED ENTRY ELEMENTS (KOHA)
Koha item type Books
Holdings
Withdrawn status Lost status Damaged status Home library Current library Date acquired Full call number Accession Number Koha item type
      KAUAET KAUAET 07/04/2012 660.2842 20324 Books
free website counter